La rendición de cuentas en la educación /

Guardado en:
Bibliografiske detaljer
Hovedforfatter: Anderson, Jo Anne (autor)
Format: Bog
Sprog:spansk
Udgivet: París, Francia : Bruselas, Bélgica : UNESCO, Instituto Internacional para la Planeación de la Educación ; Academia Internacional de la Educación, 2005, c2005
Serier:(Políticas Educativas ; 1)
Fag:
Tags: Tilføj Tag
Ingen Tags, Vær først til at tagge denne postø!

MARC

LEADER 00000nam^a2200000^a^4500
001 000312578
005 20250623000000.0
009 20260310113118.928
037 |a Acervo ITESO - Biblioteca 
041 |a ESP 
082 |a 379. 154  |b AND 
100 |a Anderson, Jo Anne  |e (autor) 
245 1 3 |a La rendición de cuentas en la educación /  |c J.A. Anderson. 
264 4 |a París, Francia :  |b UNESCO, Instituto Internacional para la Planeación de la Educación ;  |a Bruselas, Bélgica :  |b Academia Internacional de la Educación,  |c 2005, c2005 
300 |a VII, 27 p. 
336 |a texto  |b txt  |2 rdacontenido 
337 |a sin mediación  |b n  |2 rdamedio 
338 |a volumen  |b nc  |2 rdasoporte 
440 1 |a (Políticas Educativas ;  |v 1) 
649 |a XX 
650 |a Evaluación del Alumno 
650 |a Evaluación Educativa -  |x Tema Principal 
650 |a Evaluación del Desempeño -  |x Tema Principal 
650 |a Política Educativa -  |x Tema Principal 
650 |a Proceso Educativo 
650 |a Educación 
910 |a Fondo General 
920 |a Impresos - Libros 
930 |a Colección General 
905 |a 101 
901 |a 0500199294  |b IT1  |c ACC  |d DT  |i D56506  |u 20250623 
902 |a https://opac.biblio.iteso.mx/vufind/Record/000312578